00533nam a2200169Ia 450000500170000000800410001702000160005808200210007410000170009524500650011226000410017726000840021830000120030265000100031465000190032465000200034320250122011923.0240331s9999 xx 000 0 und d a29220084337 bCAL26587a305.4 aCallamard, A 0aInvestigating Women's Rights Violations:bin Armed Conflicts aOntariobAmnesty Internationalc2001 aQuebec bInternational Centre for Human Rights and Democratic Developmentc2001 a224 p., aWomen aWomen's Rights aSexual Violence